| 000 | 00363 a2200157 4500 | ||
|---|---|---|---|
| 001 | 44824 | ||
| 020 | _a8574060658 | ||
| 040 | _cAnchieta - Aquarius | ||
| 100 | _aLarson, Gary | ||
| 240 | 1 | 0 |
_aTem um cabelo na minha terra: _lpor |
| 245 | 1 | 0 | _aTem um cabelo na minha terra: |
| 300 | _a | ||
| 362 | 0 | _a2000 | |
| 650 | 4 | _aLiteratura infanto-juvenil | |
| 942 | _cBK | ||
| 999 |
_c44824 _d44824 |
||